Λαογραφικό ημερολόγιο : οι 12 μήνες και τα έθιμά τους

Αποθηκεύτηκε σε:
Λεπτομέρειες βιβλιογραφικής εγγραφής
Κύριος συγγραφέας: Τσοτάκου-Καρβέλη, Αικατερίνη
Μορφή: Βιβλίο
Γλώσσα:Greek
Δημοσίευση: Αθήνα : Πατάκη, 2001
Έκδοση:9η έκδ.
Σειρά:Λαογραφία (Πατάκης) ; 2
Θέματα:
Ετικέτες: Προσθήκη ετικέτας
Δεν υπάρχουν, Καταχωρήστε ετικέτα πρώτοι!

MARC

LEADER 00000cam a2200000 i 4500
001 1/87665
008 051018s2001 gre d
020 |a 960-293-215-5 
035 |l 10080879 
040 |a GR-MY-UA  |b gre  |e aacr 
041 0 |a gre 
082 0 |a 394.26609495  |2 (22) 
100 1 |a Τσοτάκου-Καρβέλη, Αικατερίνη. 
245 1 0 |a Λαογραφικό ημερολόγιο :  |b οι 12 μήνες και τα έθιμά τους /  |c Αικατερίνη Τσοτάκου-Καρβέλη 
250 |a 9η έκδ. 
260 |a Αθήνα :   |b Πατάκη,   |c 2001 
300 |a 263 σ.;  |b εικ.;  |c 24 εκ. 
490 1 |a Λαογραφία  |v ; 2 
650 0 0 |a Holidays  |z Greece. 
650 0 0 |a Months  |x Folklone. 
650 0 0 |a Festivals  |z Greece. 
650 0 0 |a Manners and customs  |z Greece. 
830 0 |a Λαογραφία (Πατάκης)  |v ; 2 
852 |a INST  |b LESVOS  |e 20051018  |h 394.26609495 ΤΣΟ  |p 005100032832  |q 005100032832  |t BK  |y 0 
901 |a BIBL1-2005-3 
909 |a Λ  |b 124346 
922 |a 1ΕΛΗ  |b 200510  |c Παράρτημα Λέσβου  |d Χατζηδανιήλ 
970 |a ΚΑΡΑ  |b ΓΙΑΣΕΜΗ  |z 2005/10/18